000
00312nam a2200109Ia 4500
008
171211s9999 xx 000 0 und d
245
_a
Wrestlers At The Trials
245
_c
Jack Wright and James V. Moffatt
260
_c
2007
650
_x
Martial Arts
856
_u
http://down.ebook777.com/064/9780979905100.pdf
999
_c
348177
_d
348177